[Event "CRO-chT3 West"]
[Site "Croatia"]
[Date "2020.10.25"]
[Round "8.6"]
[White "Mecev, Mile"]
[Black "Valkovic, Valter"]
[Result "1/2-1/2"]
[WhiteElo "1676"]
[BlackElo "1786"]
[PlyCount "120"]
[EventDate "2020.09.12"]
[EventType "team-tourn"]
[EventRounds "9"]
[EventCountry "CRO"]
[SourceTitle "EXT 2022"]
[Source "ChessBase"]
[SourceDate "2021.10.06"]
[SourceVersion "1"]
[SourceVersionDate "2021.10.06"]
[SourceQuality "1"]
[WhiteTeam "Korenica"]
[BlackTeam "Pula II"]
[WhiteTeamCountry "CRO"]
[BlackTeamCountry "CRO"]

1. e4 c5 2. Nf3 e6 3. Nc3 a6 4. b3 g6 5. Be2 Bg7 6. 0-0 Ne7 7. Bb2 0-0 8. Rb1 Nbc6 9. a3 b5 10. Na2 Bxb2 11. Rxb2 d5 12. exd5 exd5 13. d4 c4 14. b4 Nf5 15. c3 Nd6 16. Ne5 Nxe5 17. dxe5 Nf5 18. Rd2 Be6 19. Bg4 Qg5 20. Bxf5 Qxf5 21. Re1 Rad8 22. Rd4 Qg5 23. f4 Qe7 24. Nc1 Kg7 25. Ne2 h5 26. Rd2 Bg4 27. h3 Bxe2 28. Rexe2 Qe6 29. Rd4 Rd7 30. Red2 Rfd8 31. Qf3 f5 32. exf6+ Kxf6 33. Re2 Qb6 34. Qe3 Kf7 35. Qe5 Qf6 36. Qe3 Re7 37. Qf3 Rxe2 38. Qxe2 Qe6 39. Qf3 Rd6 40. Kh2 Ke7 41. Rd2 Kd7 42. Re2 Qf5 43. Qe3 Re6 44. Qa7+ Ke8 45. Qb8+ Kf7 46. Qc7+ Ke8 47. Qb8+ Kf7 48. Qa7+ Kg8 49. Rf2 Rf6 50. g3 Qe4 51. Rd2 Rf5 52. Qa8+ Kh7 53. Qa7+ Kh6 54. Qd4 Qxd4 55. Rxd4 Kg7 56. Kg2 g5 57. Kf3 gxf4 58. gxf4 Kf7 59. Rd2 Ke6 60. Rg2 Kf6 1/2-1/2